[Event "SSkopje MKD"]
[Site "SSkopje MKD"]
[Date "2014.03.30"]
[Round "2.34"]
[White "Papp, Petra"]
[Black "Semcesen, Daniel"]
[Result "0-1"]
[WhiteElo "2302"]
[BlackElo "2502"]
[PlyCount "115"]
[EventDate "2014.03.29"]
[EventType "swiss"]
[EventRounds "9"]

1. e4 e5 2. Nf3 Nc6 3. Bb5 Nf6 4. O-O Bc5 5. Nxe5 Nxe4 6. Qe2 Nxe5 7. Qxe4 Qe7
8. d4 Nc6 9. Qxe7+ Bxe7 10. c3 a6 11. Ba4 d6 12. Re1 Be6 13. Nd2 Kd7 14. Ne4 h6
15. Bc2 Raf8 16. Ng3 g6 17. Be4 d5 18. Bd3 Bd6 19. Ne2 g5 20. f4 f5 21. Bd2 Ne7
22. g3 g4 23. b3 Ng8 24. c4 Nf6 25. Nc3 c6 26. Na4 Ne4 27. Ba5 h5 28. Rac1 h4
29. cxd5 Bxd5 30. Nb6+ Ke6 31. Nxd5 cxd5 32. Bxe4 dxe4 33. d5+ Kd7 34. Bc3 hxg3
35. hxg3 Rh3 36. Kg2 Ba3 37. Rc2 Rc8 38. Ree2 Rc5 39. Red2 Rxc3 40. Rxc3 Bb4
41. Rdc2 Bxc3 42. Rxc3 Rh8 43. Rc4 Rc8 44. a4 b5 45. Rd4 Rc2+ 46. Kf1 Kd6 47.
Rd1 Rc3 48. Kf2 Rf3+ 49. Ke2 Rxg3 50. Rh1 Rh3 51. Rc1 Kxd5 52. axb5 axb5 53. b4
Kd4 54. Rc5 Rh2+ 55. Kf1 Ke3 56. Rxf5 Kf3 57. Kg1 Rb2 58. Rg5 0-1

[Event "SSkopje MKD"]
[Site "SSkopje MKD"]
[Date "2014.03.30"]
[Round "2.35"]
[White "Henrichs, Thomas"]
[Black "Piasetski, Leon David"]
[Result "0-1"]
[WhiteElo "2496"]
[BlackElo "2293"]
[PlyCount "78"]
[EventDate "2014.03.29"]
[EventType "swiss"]
[EventRounds "9"]

1. d4 Nf6 2. c4 e6 3. Nc3 Bb4 4. e3 c5 5. Bd3 Bxc3+ 6. bxc3 d6 7. Ne2 Nc6 8. e4
e5 9. d5 Ne7 10. h4 h5 11. Ng3 g6 12. Bg5 Nd7 13. Qa4 Kf8 14. Qc2 Kg7 15. f3
Qe8 16. Nf1 Ng8 17. g3 Ndf6 18. Bc1 Bd7 19. a4 Rb8 20. Ne3 Nh6 21. a5 Qd8 22.
Bd2 Qc7 23. Kf2 Rbf8 24. Be2 Rh7 25. Rag1 Rfh8 26. Qb2 Bc8 27. Nc2 Ne8 28. Qa1
Ng8 29. Ne3 Ne7 30. f4 Nf6 31. Bf3 Ng4+ 32. Bxg4 hxg4 33. fxe5 dxe5 34. Nd1 Bd7
35. Ke2 Nc8 36. Nf2 Nd6 37. Qa2 Rf8 38. Be3 f5 39. Bg5 Bc8 0-1

[Event "SSkopje MKD"]
[Site "SSkopje MKD"]
[Date "2014.03.30"]
[Round "2.36"]
[White "Minko, Vladimir"]
[Black "Colovic, Aleksandar"]
[Result "1/2-1/2"]
[WhiteElo "2295"]
[BlackElo "2493"]
[PlyCount "118"]
[EventDate "2014.03.29"]
[EventType "swiss"]
[EventRounds "9"]

1. d4 d5 2. c4 c6 3. cxd5 cxd5 4. Nc3 Nc6 5. Bf4 Nf6 6. e3 a6 7. Bd3 Bg4 8. f3
Bd7 9. Nge2 e6 10. Bg3 Be7 11. O-O O-O 12. Rc1 Rc8 13. h3 Na5 14. Bf2 Nc4 15.
Rc2 b5 16. e4 dxe4 17. fxe4 Nb6 18. Nf4 Bc6 19. Qe2 g6 20. Rfc1 Bb7 21. Kh1 b4
22. Nb1 Rxc2 23. Rxc2 Qb8 24. Qe3 Nbd7 25. Nd2 e5 26. Ne2 exd4 27. Qxd4 Rd8 28.
Bg3 Ne5 29. Qxe5 Qxe5 30. Bxe5 Rxd3 31. Rc7 Rd7 32. Rxd7 Nxd7 33. Bd4 Nc5 34.
e5 Ne6 35. Be3 Bd5 36. b3 Nc5 37. Nf4 Bb7 38. Nc4 Ne4 39. Nd3 Bc6 40. Bb6 Nc3
41. Bc5 Bxc5 42. Nxc5 Nxa2 43. Nxa6 Bb5 44. Nc5 Bxc4 45. bxc4 Nc1 46. Kg1 b3
47. Na4 Nd3 48. Kf1 b2 49. Nc3 Nxe5 50. c5 Kf8 51. Ke2 Ke8 52. Kd2 Nc4+ 53. Kc2
Ne3+ 54. Kxb2 Nxg2 55. Nd5 Kd7 56. Kc3 Nh4 57. Kc4 Kc6 58. Ne7+ Kd7 59. Nd5 Kc6
1/2-1/2

[Event "SSkopje MKD"]
[Site "SSkopje MKD"]
[Date "2014.03.30"]
[Round "2.37"]
[White "Nakhbayeva, Guliskhan"]
[Black "Harika, Dronavalli"]
[Result "1/2-1/2"]
[WhiteElo "2293"]
[BlackElo "2487"]
[PlyCount "57"]
[EventDate "2014.03.29"]
[EventType "swiss"]
[EventRounds "9"]

1. d4 e6 2. c4 Bb4+ 3. Nc3 f5 4. g3 Nf6 5. Bg2 O-O 6. Nf3 d6 7. O-O Bxc3 8.
bxc3 Nc6 9. d5 Na5 10. dxe6 Bxe6 11. Nd4 Qd7 12. Nxe6 Qxe6 13. Qa4 Nxc4 14.
Bxb7 Rab8 15. Qxa7 Ne4 16. Bf4 Nxc3 17. Rfe1 Nb6 18. Rac1 Ncd5 19. a4 c5 20.
Rb1 Nxf4 21. gxf4 Nd7 22. Bc6 Rxb1 23. Rxb1 Nf6 24. Rb7 Qxe2 25. Rxg7+ Kh8 26.
Rg2 Rg8 27. Rxg8+ Nxg8 28. h3 Ne7 29. Qb8+ 1/2-1/2

[Event "SSkopje MKD"]
[Site "SSkopje MKD"]
[Date "2014.03.30"]
[Round "2.38"]
[White "Kadric, Denis"]
[Black "Dimic, Pavle"]
[Result "1-0"]
[WhiteElo "2485"]
[BlackElo "2293"]
[PlyCount "111"]
[EventDate "2014.03.29"]
[EventType "swiss"]
[EventRounds "9"]

1. e4 c5 2. Nf3 d6 3. Bb5+ Bd7 4. Bxd7+ Qxd7 5. O-O Nf6 6. Qe2 Nc6 7. Rd1 Rc8
8. c3 e6 9. d4 cxd4 10. Bg5 d3 11. Rxd3 Ng4 12. Bf4 Qc7 13. Na3 Nce5 14. Rd4 a6
15. h3 Nxf3+ 16. Qxf3 Ne5 17. Qg3 b5 18. Rad1 h5 19. R4d2 h4 20. Qe3 Rh5 21.
Kh1 Be7 22. Bh2 g6 23. Qe2 Kf8 24. b3 Kg7 25. f4 Nc6 26. Nb1 Rd8 27. c4 b4 28.
Rd3 a5 29. Nd2 a4 30. Nf3 Qb7 31. Nd4 Nxd4 32. Rxd4 Ra8 33. e5 axb3 34. axb3 d5
35. cxd5 exd5 36. Rxd5 Qc6 37. Rd7 Qe6 38. Qc4 Kf8 39. Rc7 Rf5 40. Bg1 Qxc4 41.
Rxc4 g5 42. Be3 gxf4 43. Bxf4 Ra3 44. Rd3 Ra1+ 45. Kh2 Ra2 46. Rf3 Kg8 47. Rc8+
Kh7 48. Rc4 Kg6 49. Rc6+ Kh7 50. Kg1 Ra1+ 51. Kf2 Ra2+ 52. Ke3 Rxg2 53. Ke4 Rh5
54. Rc7 Bg5 55. Rxf7+ Kg8 56. Rf5 1-0

[Event "SSkopje MKD"]
[Site "SSkopje MKD"]
[Date "2014.03.30"]
[Round "2.39"]
[White "Dragicevic, Drazen"]
[Black "Firat, Burak"]
[Result "0-1"]
[WhiteElo "2293"]
[BlackElo "2480"]
[PlyCount "80"]
[EventDate "2014.03.29"]
[EventType "swiss"]
[EventRounds "9"]

1. c4 c6 2. Nf3 d5 3. e3 Nf6 4. b3 Bf5 5. Bb2 e6 6. Be2 h6 7. O-O Be7 8. Ne5
Nbd7 9. f4 Nxe5 10. Bxe5 O-O 11. Kh1 Nd7 12. Bb2 Bf6 13. d4 dxc4 14. bxc4 c5
15. Bf3 cxd4 16. e4 Bh7 17. e5 Be7 18. Bxd4 Nc5 19. Bg1 Qa5 20. Qe1 Qa6 21. Nd2
Rfd8 22. Nb3 Nd3 23. Qa5 Qxc4 24. Bxb7 Bb4 25. Qa4 Nb2 26. Qc6 Rac8 27. Qxc4
Rxc4 28. Rac1 Rxc1 29. Rxc1 Nd3 30. Rf1 a5 31. Nd4 Bd2 32. g3 Rb8 33. Bf3 Ne1
34. Bc6 Bd3 35. Rf2 Be3 36. Nb3 a4 37. Na5 Rb6 38. Rf3 Bxg1 39. Kxg1 Nxf3+ 40.
Bxf3 a3 0-1

[Event "SSkopje MKD"]
[Site "SSkopje MKD"]
[Date "2014.03.30"]
[Round "2.40"]
[White "Todorovic, Goran M"]
[Black "Ozturk, Kubra"]
[Result "0-1"]
[WhiteElo "2476"]
[BlackElo "2288"]
[PlyCount "80"]
[EventDate "2014.03.29"]
[EventType "swiss"]
[EventRounds "9"]

1. e4 e5 2. Nf3 Nc6 3. d4 exd4 4. Nxd4 Bc5 5. Nb3 Bb4+ 6. c3 Be7 7. f4 d6 8.
Bd3 Bh4+ 9. g3 Bf6 10. Be3 h5 11. h3 Qe7 12. N1d2 Bd7 13. e5 O-O-O 14. Ne4 dxe5
15. Qe2 exf4 16. Bxf4 Be5 17. Nbc5 Bxf4 18. gxf4 Nb8 19. Nxd7 Nxd7 20. O-O-O g6
21. Qg2 Kb8 22. Rhe1 Nh6 23. Ng5 Qf6 24. Bc4 Nb6 25. Bb3 Rxd1+ 26. Rxd1 Re8 27.
a4 a5 28. Kb1 Qe7 29. Qf1 f6 30. Nf3 Nf5 31. Qb5 Nd6 32. Rxd6 cxd6 33. Nd4 Qe4+
34. Bc2 Qh1+ 35. Ka2 Qd5+ 36. Qxd5 Nxd5 37. Bxg6 Re3 38. Bxh5 Rxh3 39. Bf7 Nxf4
40. Nb5 d5 0-1

[Event "SSkopje MKD"]
[Site "SSkopje MKD"]
[Date "2014.03.30"]
[Round "2.41"]
[White "Tomazini, Zan"]
[Black "Georgescu, Tiberiu"]
[Result "1/2-1/2"]
[WhiteElo "2286"]
[BlackElo "2468"]
[PlyCount "65"]
[EventDate "2014.03.29"]
[EventType "swiss"]
[EventRounds "9"]

1. e4 e5 2. Nf3 Nc6 3. Bc4 Bc5 4. d3 Nf6 5. Bb3 O-O 6. h3 a5 7. Nc3 h6 8. Be3
d6 9. Bxc5 dxc5 10. Ba4 Nd4 11. Nxe5 c6 12. Bb3 b5 13. a3 a4 14. Ba2 b4 15.
axb4 cxb4 16. Nxa4 Qa5 17. c3 Qxe5 18. cxd4 Qxd4 19. O-O Ba6 20. Bc4 Bxc4 21.
dxc4 Qxc4 22. e5 Rad8 23. Qc1 Qxc1 24. Raxc1 Nd7 25. f4 g5 26. fxg5 Nxe5 27.
gxh6 Rd6 28. Rf4 Rxh6 29. Rxb4 Rg6 30. Re4 f6 31. Rd1 Rb8 32. Rd6 Kf7 33. Re3
1/2-1/2

[Event "SSkopje MKD"]
[Site "SSkopje MKD"]
[Date "2014.03.30"]
[Round "2.42"]
[White "Pancevski, Filip"]
[Black "Davletbayeva, Madina"]
[Result "1/2-1/2"]
[WhiteElo "2466"]
[BlackElo "2284"]
[PlyCount "95"]
[EventDate "2014.03.29"]
[EventType "swiss"]
[EventRounds "9"]

1. e4 e5 2. Nf3 Nc6 3. Bb5 a6 4. Ba4 Nf6 5. d3 d6 6. c4 Be7 7. O-O O-O 8. h3
Ne8 9. d4 exd4 10. Nxd4 Nxd4 11. Qxd4 Bf6 12. Qd3 c6 13. Bc2 g6 14. Nc3 b5 15.
Bh6 Be6 16. Bb3 Bg7 17. Bxg7 Kxg7 18. Rfd1 Qb6 19. cxb5 axb5 20. Ne2 Bxb3 21.
Qc3+ Kg8 22. Qxb3 Ra4 23. Qf3 Qc5 24. b3 Ra6 25. Rac1 Qe5 26. Nd4 c5 27. Nxb5
Rxa2 28. Rd5 Qe7 29. Re1 Nc7 30. Nxc7 Qxc7 31. Red1 Ra3 32. R1d3 Rb8 33. e5
dxe5 34. Rd7 Ra1+ 35. Kh2 e4+ 36. Rxc7 exf3 37. Rxf3 Rf8 38. Rxc5 Ra3 39. Rc7
Kg7 40. g3 Ra6 41. b4 Rb6 42. Rc4 Rfb8 43. Rff4 f5 44. g4 fxg4 45. hxg4 g5 46.
Rfd4 R8b7 47. Kg3 h6 48. Re4 1/2-1/2

[Event "SSkopje MKD"]
[Site "SSkopje MKD"]
[Date "2014.03.30"]
[Round "2.43"]
[White "Bojovic, Dusan"]
[Black "Donchenko, Alexander"]
[Result "0-1"]
[WhiteElo "2284"]
[BlackElo "2463"]
[PlyCount "98"]
[EventDate "2014.03.29"]
[EventType "swiss"]
[EventRounds "9"]

1. e4 c6 2. d4 d5 3. Nd2 dxe4 4. Nxe4 Bf5 5. Ng3 Bg6 6. h4 h6 7. Nf3 Nd7 8. h5
Bh7 9. Bd3 Bxd3 10. Qxd3 e6 11. Bd2 Ngf6 12. O-O-O Be7 13. Ne4 Nxe4 14. Qxe4
Nf6 15. Qe2 Qd5 16. c4 Qe4 17. Qxe4 Nxe4 18. Be3 f5 19. Rhe1 O-O 20. g3 Rad8
21. Rd3 Bd6 22. d5 exd5 23. cxd5 Bc5 24. Ne5 Bxe3+ 25. Rexe3 Nxf2 26. Rb3 Rxd5
27. Ng6 Rc5+ 28. Rbc3 Rxc3+ 29. bxc3 Ng4 30. Re7 Rb8 31. Rc7 Kh7 32. Rf7 Nf6
33. Nf4 a5 34. Kc2 a4 35. Kb2 b5 36. Rc7 Re8 37. Rxc6 Re3 38. Rc5 Rxg3 39. Rxb5
Rf3 40. Rb4 Ne4 41. Ng6 Rf2+ 42. Kc1 Rh2 43. c4 Rxh5 44. Nf8+ Kg8 45. Ne6 Kf7
46. Nf4 Rh1+ 47. Kb2 g5 48. Rb7+ Kf6 49. Nd3 Rh2+ 0-1

[Event "SSkopje MKD"]
[Site "SSkopje MKD"]
[Date "2014.03.30"]
[Round "2.44"]
[White "Pavlidis, Antonios"]
[Black "Vatter, Hans Joachim"]
[Result "1-0"]
[WhiteElo "2463"]
[BlackElo "2275"]
[PlyCount "125"]
[EventDate "2014.03.29"]
[EventType "swiss"]
[EventRounds "9"]

1. e4 d5 2. exd5 Qxd5 3. Nc3 Qd6 4. d4 Nf6 5. Nf3 c6 6. g3 Bg4 7. Bg2 e6 8. h3
Bxf3 9. Bxf3 Nbd7 10. O-O Qc7 11. Ne2 Bd6 12. c3 O-O 13. Bg2 e5 14. Qc2 Rfe8
15. dxe5 Rxe5 16. Nd4 g6 17. Bf4 Ree8 18. Bg5 Kg7 19. Rad1 h6 20. Bc1 Bf8 21.
Bf4 Qb6 22. Be3 Qc7 23. Bf4 Qb6 24. Be3 Qc7 25. Rfe1 Nb6 26. Nf3 Rad8 27. Bd4
Nbd7 28. c4 Kg8 29. c5 Bg7 30. b4 Nd5 31. Bxg7 Kxg7 32. Qb2+ Kg8 33. Nh2 N7f6
34. a3 Qc8 35. Qc1 Kg7 36. Rxe8 Rxe8 37. Bxd5 cxd5 38. Kg2 Qf5 39. Qc3 Kg8 40.
Qf3 Qe6 41. Ng4 Nxg4 42. hxg4 Rd8 43. Qf4 b6 44. Qd4 Rd7 45. Rd3 bxc5 46. bxc5
Qc6 47. Re3 Rd8 48. Re7 a6 49. Kh2 Rc8 50. Re5 Rd8 51. a4 a5 52. Re7 Rc8 53.
Qf4 Rf8 54. Rc7 Qa6 55. Rd7 Qc6 56. Rc7 Qa6 57. Kg2 Qc4 58. c6 d4 59. Qd6 Re8
60. Qf6 Qd5+ 61. Kh2 Rd8 62. Rxf7 Qxf7 63. Qxd8+ 1-0

[Event "SSkopje MKD"]
[Site "SSkopje MKD"]
[Date "2014.03.30"]
[Round "2.45"]
[White "Zupe, Miran"]
[Black "Antic, Dejan"]
[Result "0-1"]
[WhiteElo "2278"]
[BlackElo "2462"]
[PlyCount "89"]
[EventDate "2014.03.29"]
[EventType "swiss"]
[EventRounds "9"]

1. d4 e6 2. c4 Bb4+ 3. Bd2 a5 4. Nf3 Nf6 5. Nc3 d5 6. e3 O-O 7. Be2 b6 8. O-O
Bb7 9. a3 Be7 10. Qb3 Nbd7 11. c5 Ne4 12. Na4 Bc6 13. cxb6 Nxb6 14. Nxb6 cxb6
15. Rfc1 a4 16. Qd1 Qe8 17. Ne5 Bb5 18. Be1 f6 19. Bxb5 Qxb5 20. Nc6 Bd6 21.
Nb4 Rac8 22. Qd3 Qxd3 23. Nxd3 Rc4 24. f3 Ng5 25. Bd2 b5 26. Bb4 Nf7 27. Bd2 e5
28. Bc3 Rfc8 29. Rd1 e4 30. Ne1 Nd8 31. Nc2 Nc6 32. Rd2 Na5 33. Bxa5 Rxc2 34.
Rad1 Rxd2 35. Rxd2 Rc1+ 36. Kf2 Kf7 37. f4 h5 38. g3 Ke6 39. Re2 g5 40. fxg5
fxg5 41. Kg2 g4 42. Rf2 Be7 43. Re2 Bg5 44. Kf2 Rc8 45. Ke1 {.........} 0-1

[Event "SSkopje MKD"]
[Site "SSkopje MKD"]
[Date "2014.03.30"]
[Round "2.46"]
[White "Arnaudov, Petar G"]
[Black "Kokol, Peter"]
[Result "1-0"]
[WhiteElo "2459"]
[BlackElo "2271"]
[PlyCount "57"]
[EventDate "2014.03.29"]
[EventType "swiss"]
[EventRounds "9"]

1. d4 Nf6 2. c4 g6 3. Nc3 d5 4. Bg5 Ne4 5. h4 h6 6. Bf4 Nxc3 7. bxc3 Bg7 8. e3
c5 9. cxd5 Qxd5 10. Nf3 cxd4 11. cxd4 Nc6 12. Be2 Bg4 13. O-O O-O 14. Rb1 Qxa2
15. Rxb7 e5 16. dxe5 Nxe5 17. Bxe5 Bxf3 18. Bxf3 Bxe5 19. Bd5 Qa5 20. Bxf7+ Kh8
21. Bxg6 Bg7 22. Bb1 Qc3 23. Qg4 Rfb8 24. Qe4 Kg8 25. Qh7+ Kf8 26. Ba2 Rxb7 27.
Qg8+ Ke7 28. Qf7+ Kd6 29. Qxb7 1-0

[Event "SSkopje MKD"]
[Site "SSkopje MKD"]
[Date "2014.03.30"]
[Round "2.47"]
[White "Maisuradze, Nino"]
[Black "Berescu, Alin Mile"]
[Result "1/2-1/2"]
[WhiteElo "2274"]
[BlackElo "2459"]
[PlyCount "37"]
[EventDate "2014.03.29"]
[EventType "swiss"]
[EventRounds "9"]

1. d4 e6 2. c4 Nf6 3. Nf3 b6 4. a3 Bb7 5. Nc3 d5 6. cxd5 Nxd5 7. Qc2 Be7 8. e4
Nxc3 9. bxc3 O-O 10. Bd3 c5 11. O-O Nd7 12. Bf4 cxd4 13. cxd4 Rc8 14. Qb3 Nb8
15. Rfd1 Bd6 16. Bg5 Be7 17. Bf4 Bd6 18. Bg5 Be7 19. Bf4 1/2-1/2

[Event "SSkopje MKD"]
[Site "SSkopje MKD"]
[Date "2014.03.30"]
[Round "2.48"]
[White "Dimitrov, Radoslav"]
[Black "Grigoriadis, Alexandros"]
[Result "0-1"]
[WhiteElo "2459"]
[BlackElo "2255"]
[PlyCount "108"]
[EventDate "2014.03.29"]
[EventType "swiss"]
[EventRounds "9"]

1. d4 g6 2. e4 Bg7 3. Nc3 d6 4. f4 e5 5. dxe5 dxe5 6. Qxd8+ Kxd8 7. Nf3 Be6 8.
Nxe5 Bxe5 9. fxe5 Nd7 10. Bf4 h6 11. Nd5 c6 12. Ne3 g5 13. Bg3 Ne7 14. O-O-O
Ng6 15. Bc4 Kc7 16. Bxe6 fxe6 17. Rd6 Rae8 18. Nc4 Nb6 19. Nxb6 axb6 20. Rf1
Rh7 21. Rf6 Nf8 22. c4 Nd7 23. Rdxe6 Rxe6 24. Rxe6 Nc5 25. Rf6 Kd7 26. Rg6 Ke7
27. Kd2 Nxe4+ 28. Ke3 Kf7 29. Rxh6 Rxh6 30. Kxe4 Ke6 31. h3 c5 32. Bf2 Rh8 33.
Be3 Rh4+ 34. Kf3 Kxe5 35. Bxg5 Rxc4 36. Bd2 b5 37. Bc3+ Kf5 38. g4+ Kg6 39. a3
b4 40. axb4 cxb4 41. Be5 Kg5 42. Kg3 Re4 43. h4+ Kg6 44. Bc7 Re2 45. h5+ Kh7
46. g5 Rxb2 47. g6+ Kg8 48. Kf3 Rc2 49. Bd6 Rc3+ 50. Kf4 Rc6 51. Be5 b3 52. Bb2
Rc2 53. Be5 Rc5 54. Bf6 Rxh5 0-1

[Event "SSkopje MKD"]
[Site "SSkopje MKD"]
[Date "2014.03.30"]
[Round "2.49"]
[White "Papadimitriou, Athanasios"]
[Black "Arsovic, Zoran"]
[Result "1/2-1/2"]
[WhiteElo "2261"]
[BlackElo "2450"]
[PlyCount "46"]
[EventDate "2014.03.29"]
[EventType "swiss"]
[EventRounds "9"]

1. Nf3 c5 2. g3 b6 3. Bg2 Bb7 4. c4 Nf6 5. O-O e6 6. Nc3 a6 7. b3 d6 8. d4 cxd4
9. Qxd4 Nbd7 10. Bb2 Be7 11. Rfd1 O-O 12. Qe3 Qc7 13. Nd4 Bxg2 14. Kxg2 Qb7+
15. Qf3 Qxf3+ 16. Kxf3 Rfc8 17. Ba3 Bf8 18. Rac1 Ra7 19. e3 Rb7 20. Nde2 Rc6
21. Nd4 Rc8 22. Nde2 Rc6 23. Nd4 Rc8 1/2-1/2

[Event "SSkopje MKD"]
[Site "SSkopje MKD"]
[Date "2014.03.30"]
[Round "2.50"]
[White "Jovanovic, Bojan P"]
[Black "Smirnov, Artem"]
[Result "0-1"]
[WhiteElo "2254"]
[BlackElo "2445"]
[PlyCount "69"]
[EventDate "2014.03.29"]
[EventType "swiss"]
[EventRounds "9"]

1. d4 Nf6 2. c4 e6 3. Nf3 Bb4+ 4. Nbd2 O-O 5. g3 d5 6. Bg2 b6 7. cxd5 exd5 8.
O-O Bb7 9. Ne5 Re8 10. Ndf3 Ne4 11. Qc2 Bf8 12. Bf4 c6 13. Rfd1 f6 14. Nd3 Nd7
15. Nd2 g5 16. Be3 Nd6 17. Nb4 Rc8 18. Qd3 a5 19. Nc2 Qe7 20. Re1 Qf7 21. a4 c5
22. f3 cxd4 23. Bxd4 Nc5 24. Bxc5 bxc5 25. Qc3 d4 26. Qd3 Ra8 27. Na3 Ba6 28.
Nb5 Re3 29. Qc2 Nxb5 30. axb5 Bxb5 31. f4 Rae8 32. Qf5 Bd7 33. Qd5 Rxe2 34.
Rxe2 Rxe2 35. Ne4 0-1

[Event "SSkopje MKD"]
[Site "SSkopje MKD"]
[Date "2014.03.30"]
[Round "2.51"]
[White "Sanal, Vahap"]
[Black "Videnova, Iva"]
[Result "0-1"]
[WhiteElo "2442"]
[BlackElo "2251"]
[PlyCount "82"]
[EventDate "2014.03.29"]
[EventType "swiss"]
[EventRounds "9"]

1. e4 c5 2. Nf3 d6 3. d4 cxd4 4. Nxd4 Nf6 5. Nc3 g6 6. Be3 Bg7 7. f3 Nc6 8. Qd2
O-O 9. O-O-O d5 10. Qe1 e5 11. Nxc6 bxc6 12. exd5 Nxd5 13. Bc4 Be6 14. Ne4 Qc7
15. Bc5 Rfd8 16. h4 h6 17. g4 Nf4 18. Rxd8+ Rxd8 19. Bxe6 Nxe6 20. Qc3 Rd5 21.
g5 Nxc5 22. Nxc5 e4 23. Qc4 Qf4+ 24. Kb1 Qe5 25. Na4 Rd4 26. Qb3 Rxa4 27. gxh6
Bf6 28. c3 Ra5 29. h5 Rb5 30. h7+ Kh8 31. Qa3 Qc5 32. Qxc5 Rxc5 33. hxg6 fxg6
34. fxe4 Rh5 35. Rd1 g5 36. Rd6 Be5 37. Rxc6 g4 38. Rg6 g3 39. Kc2 Kxh7 40. Rg4
Kh6 41. Kd3 Rg5 0-1

[Event "SSkopje MKD"]
[Site "SSkopje MKD"]
[Date "2014.03.30"]
[Round "2.52"]
[White "Veleski, Robert"]
[Black "Abramovic, Bosko"]
[Result "0-1"]
[WhiteElo "2248"]
[BlackElo "2437"]
[PlyCount "110"]
[EventDate "2014.03.29"]
[EventType "swiss"]
[EventRounds "9"]

1. e4 c5 2. Nf3 Nc6 3. d4 cxd4 4. Nxd4 g6 5. Nxc6 bxc6 6. Bc4 Bg7 7. O-O d6 8.
Nc3 Nh6 9. Bg5 Ng4 10. Be2 Ne5 11. f4 Nd7 12. Kh1 O-O 13. Qe1 Rb8 14. Rb1 h6
15. Bh4 a5 16. Bf2 Qc7 17. Bd3 Nf6 18. b3 Re8 19. Na4 Nh5 20. Be3 e5 21. f5 g5
22. c4 Nf6 23. Bd2 Ra8 24. Rc1 Bb7 25. h4 g4 26. Be3 c5 27. Nc3 a4 28. Qd2 Kh7
29. Qc2 axb3 30. axb3 Bc6 31. Nd5 Bxd5 32. cxd5 Reb8 33. Ra1 Qb6 34. Bc4 Qd8
35. g3 Nd7 36. Bd2 Rxa1 37. Rxa1 Ra8 38. Qd1 Nf6 39. Ra4 Nxe4 40. Be1 Nf6 41.
Qa1 Rb8 42. Ra7 Qe8 43. Qa6 Bf8 44. Qc6 Kg8 45. Ba5 e4 46. Bc3 Qd8 47. Kg2 e3
48. Bd3 Rxb3 49. Ra8 Qe7 50. Bxf6 Qxf6 51. Qe8 Qb2+ 52. Kg1 Qf2+ 53. Kh1 Qf3+
54. Kg1 Qxg3+ 55. Kh1 Qe1+ 0-1

[Event "SSkopje MKD"]
[Site "SSkopje MKD"]
[Date "2014.03.30"]
[Round "2.53"]
[White "Stojanovski, Dejan"]
[Black "Sorgic, Dragan"]
[Result "1-0"]
[WhiteElo "2436"]
[BlackElo "2244"]
[PlyCount "95"]
[EventDate "2014.03.29"]
[EventType "swiss"]
[EventRounds "9"]

1. e4 e5 2. Nf3 Nc6 3. Bb5 a6 4. Bxc6 dxc6 5. Nc3 f6 6. d4 exd4 7. Qxd4 Qxd4 8.
Nxd4 Bd7 9. Be3 O-O-O 10. O-O-O Ne7 11. f3 Ng6 12. h4 h5 13. Nde2 Bd6 14. Na4
Be6 15. Nc5 Bf7 16. Nd3 b6 17. Kb1 c5 18. Ndf4 Ne5 19. Ng3 g6 20. Nge2 c6 21.
Nd3 Nxd3 22. cxd3 a5 23. d4 c4 24. Bf4 Rhe8 25. Bxd6 Rxd6 26. Kc2 b5 27. a3 Kc7
28. Kc3 Rdd8 29. Nf4 Rh8 30. e5 g5 31. hxg5 fxg5 32. Nh3 Rdg8 33. Nf2 Bd5 34.
Ne4 g4 35. Rhg1 gxf3 36. gxf3 Rxg1 37. Rxg1 Bxe4 38. fxe4 h4 39. d5 c5 40. a4
h3 41. axb5 h2 42. Rh1 Rh3+ 43. Kxc4 Kb6 44. e6 Re3 45. d6 Rxe4+ 46. Kd5 Rd4+
47. Ke5 Rd2 48. e7 1-0

[Event "SSkopje MKD"]
[Site "SSkopje MKD"]
[Date "2014.03.30"]
[Round "2.54"]
[White "Glavinac, Goran"]
[Black "Arsovic, Goran"]
[Result "1-0"]
[WhiteElo "2164"]
[BlackElo "2434"]
[PlyCount "117"]
[EventDate "2014.03.29"]
[EventType "swiss"]
[EventRounds "9"]

1. d4 Nf6 2. c4 g6 3. Nc3 Bg7 4. Nf3 d6 5. Bf4 O-O 6. e3 Nc6 7. Be2 Nd7 8. h3
e5 9. Bh2 h6 10. O-O Re8 11. Rb1 exd4 12. exd4 Nf6 13. d5 Nb8 14. Bd3 Nbd7 15.
Re1 Nc5 16. Bc2 a5 17. Qd2 Bd7 18. Nd4 Nh7 19. Rxe8+ Bxe8 20. Bf4 h5 21. Re1
Bd7 22. Ne4 Nxe4 23. Bxe4 Qf6 24. Be3 Re8 25. Bd3 b6 26. b3 Ng5 27. Ne2 Ne4 28.
Bxe4 Rxe4 29. Ng3 Re8 30. Nf1 a4 31. Bg5 Qf5 32. Rxe8+ Bxe8 33. Bd8 Qd7 34. Qg5
a3 35. Nd2 f5 36. Qe7 Qxe7 37. Bxe7 b5 38. cxb5 Bxb5 39. Nc4 Bxc4 40. bxc4 Bd4
41. Bd8 Bb6 42. Bf6 Kf7 43. Bc3 Bc5 44. Kf1 g5 45. Ke2 g4 46. f3 Kg6 47. Bd2
Kf6 48. Bf4 Bb6 49. Kd3 Bc5 50. Bd2 gxh3 51. gxh3 Kf7 52. Ba5 Kf6 53. f4 Ke7
54. Bxc7 Kd7 55. Ba5 Ke7 56. Bc3 Kd7 57. Bd4 Bb4 58. Kc2 Kc7 59. Be3 1-0

[Event "SSkopje MKD"]
[Site "SSkopje MKD"]
[Date "2014.03.30"]
[Round "2.55"]
[White "Tosic, Miroslav"]
[Black "Peczely, Sebastian Zsombor"]
[Result "1-0"]
[WhiteElo "2426"]
[BlackElo "2182"]
[PlyCount "116"]
[EventDate "2014.03.29"]
[EventType "swiss"]
[EventRounds "9"]

1. d4 d5 2. c4 c6 3. Nc3 Nf6 4. e3 e6 5. Bd3 Nbd7 6. Nf3 dxc4 7. Bxc4 b5 8. Bd3
a6 9. a4 Bb7 10. axb5 cxb5 11. O-O Bd6 12. e4 b4 13. e5 bxc3 14. exd6 cxb2 15.
Bxb2 O-O 16. Qe2 Nd5 17. Qd2 Qf6 18. Ne5 Nf4 19. f3 Rfd8 20. Be4 Bd5 21. g3
Nh3+ 22. Kg2 Qg5 23. Qxg5 Nxg5 24. Bxd5 exd5 25. Nc6 Re8 26. Ne7+ Kf8 27. Nxd5
Rab8 28. Rf2 Rb3 29. Rxa6 Nxf3 30. Bc3 Ng5 31. Ra7 Nb6 32. d7 Rd8 33. Bb4+ Kg8
34. Ba5 Nxd5 35. Re2 Rf8 36. d8=Q Rxd8 37. Bxd8 Ne6 38. Ra8 h6 39. Kf2 Kh7 40.
Re5 Rb2+ 41. Ke1 Nb4 42. Re4 Nc2+ 43. Kd2 Ncxd4+ 44. Kc3 Rxh2 45. Rxd4 Nxd4 46.
Kxd4 Re2 47. Bc7 g5 48. Be5 f5 49. Ra6 h5 50. Rf6 h4 51. Rxf5 Kg6 52. g4 Rg2
53. Rf6+ Kh7 54. Ke4 Rxg4+ 55. Kf5 Rg2 56. Ra6 Kg8 57. Kg6 Kf8 58. Kf6 Ke8 {
... ..} 1-0

[Event "SSkopje MKD"]
[Site "SSkopje MKD"]
[Date "2014.03.30"]
[Round "2.56"]
[White "Percivaldi, Martin"]
[Black "Jacimovic, Dragoljub"]
[Result "0-1"]
[WhiteElo "2109"]
[BlackElo "2422"]
[PlyCount "56"]
[EventDate "2014.03.29"]
[EventType "swiss"]
[EventRounds "9"]

1. d4 Nf6 2. c4 d6 3. Nc3 g6 4. e4 Bg7 5. Nf3 O-O 6. Be2 Bg4 7. O-O Nfd7 8. Be3
Nc6 9. Qd2 e5 10. d5 Bxf3 11. dxc6 Bxe2 12. cxb7 Rb8 13. Qxe2 Rxb7 14. Rfd1 Qb8
15. b3 Re8 16. Rac1 Nf8 17. c5 dxc5 18. Bxc5 Ne6 19. Qc4 c6 20. Bd6 Qc8 21. Ne2
Rd7 22. Qxc6 Qxc6 23. Rxc6 Bf8 24. Rd5 Nd8 25. Bxf8 Rxd5 26. exd5 Nxc6 27. dxc6
Kxf8 28. b4 Rb8 0-1

[Event "SSkopje MKD"]
[Site "SSkopje MKD"]
[Date "2014.03.30"]
[Round "2.57"]
[White "Dastan, Batuhan Muhammed"]
[Black "Cretnik, Urban"]
[Result "1-0"]
[WhiteElo "2416"]
[BlackElo "1959"]
[PlyCount "77"]
[EventDate "2014.03.29"]
[EventType "swiss"]
[EventRounds "9"]

1. Nf3 d5 2. g3 Nf6 3. Bg2 Bf5 4. O-O e6 5. c4 c6 6. d3 dxc4 7. dxc4 Qxd1 8.
Rxd1 Bc5 9. Nc3 Nbd7 10. Ng5 Ne5 11. b3 O-O 12. Nge4 Nxe4 13. Nxe4 Be7 14. Bf4
Bxe4 15. Bxe4 Bf6 16. Rac1 Rfd8 17. h3 g5 18. Be3 Be7 19. Kg2 f5 20. Bc2 Kf7
21. Rxd8 Bxd8 22. Rd1 Be7 23. f4 gxf4 24. gxf4 Ng6 25. Rd7 b6 26. b4 Ke8 27.
Rc7 Bxb4 28. Rxh7 Bd6 29. Kf3 b5 30. Bb3 Nf8 31. Rb7 a6 32. h4 Nd7 33. cxb5
cxb5 34. Bxe6 Nf6 35. h5 Be7 36. h6 Ne4 37. h7 Bf6 38. Bxf5 Nd6 39. Bg6+ 1-0